| 000 | 00485nam a22001937a 4500 | ||
|---|---|---|---|
| 003 | MPLRDC | ||
| 005 | 20220104142616.0 | ||
| 008 | 210129b ||||| |||| 00| 0 eng d | ||
| 020 | _a957-679-483-8 | ||
| 082 | _a411.19 MYTQE | ||
| 100 | _a美野田启二 | ||
| 245 |
_a脑内松弛 _c萧志强译 |
||
| 250 | _a初版 | ||
| 260 |
_a _b方智出版社股份有限公司 _c1997 |
||
| 300 | _b平 | ||
| 490 | _a自我开拓. 40 | ||
| 650 | _a健脑法 | ||
| 942 |
_cBK _o411.19 MYTQE |
||
| 999 |
_c32257 _d32247 |
||